| 000 | 00662nam a22002057a 4500 | ||
|---|---|---|---|
| 003 | OSt | ||
| 005 | 20260306033647.0 | ||
| 008 | 260306b |||||||| |||| 00| 0 eng d | ||
| 020 | _a0-07-125110-3. | ||
| 040 |
_aDWCL Main lib _cOC |
||
| 082 |
_2International ed. 2006. _aCirc. 579 C874 2006 |
||
| 100 | _aCowan, Marjorie Kelly | ||
| 245 |
_aMicrobiology : _ba systems approach _cMarjorie Kelly Cowan |
||
| 250 | _aInternational ed. 2006. | ||
| 260 |
_aBoston : _bMcGraw-Hill, _cc2006. |
||
| 300 |
_axxi, various paging : _bill. ; _c26 cm. |
||
| 650 | _aMicrobiology. | ||
| 700 | _aKathleen Park Talaro | ||
| 942 |
_2ddc _cBK-CIRC _eInternational ed. 2006. _kCirc. _n0 |
||
| 999 |
_c8678 _d8678 |
||